Statistics for Unscramble the North American Countries

Click here to take the quiz!

General Stats

  • This quiz has been taken 13 times
  • The average score is 19 of 22

Answers on the Map

Answers color-coded by a green-red scale on the quiz's map according to % correct below.
Loading ...
 

Answer Stats

ScrambledUnscrambled% Correct
ieelzbBelize
100%
adcnaaCanada
100%
xceiomMexico
100%
aaapmnPanama
100%
thaiiHaiti
100%
amcjaiaJamaica
100%
dinmicoan lrbcuiepDominican Republic
100%
uacbCuba
100%
le sladarovEl Salvador
100%
ascto iracCosta Rica
100%
daeanrgGrenada
92%
mshabaaBahamas
92%
utalmageaGuatemala
92%
drianidt dan bagootTrinidad and Tobago
83%
rshnouadHonduras
83%
iauagcranNicaragua
83%
gaintau nad auadbrbAntigua and Barbuda
83%
eiutnd ssatteUnited States
75%
bsdorabaBarbados
75%
itsna ailcuSaint Lucia
75%
santi ttiks adn vsnieSaint Kitts and Nevis
58%
tnasi ntvneci nda eth reaienngsdSaint Vincent and the Grenadines
50%

Score Distribution

Percentile by Number Answered

Percent of People with Each Score

Your Score History

You have not taken this quiz